| 000 -ლიდერი |
| ფიქსირებული სიგრძის საკონტროლო ველი |
01738nam a2200229Ia 4500 |
| 001 - საკონტროლო ნომერი |
| საკონტროლო ველი |
22703 |
| 003 - საკონტროლო ნომრის იდენტიფიკატორი |
| საკონტროლო ველი |
GE_BSU |
| 005 - ბოლო ოპერაციის თარიღი და დრო |
| საკონტროლო ველი |
20230424115827.0 |
| 008 - ფიქსირებული სიგრძის მონაცემთა ელემენტები - ზოგადი ინფორმაცია |
| ფიქსირებული სიგრძის საკონტროლო ველი |
181216s ||||ge |||||||||||||| ||geo|| |
| 040 ## - კატალოგიზაციის წყარო |
| Transcribing agency |
GE_BSU |
| 041 ## - ენის კოდი |
| Language code of text/sound track or separate title |
geo |
| 080 ## - უნივერსალური ათობითი კლასიფიკაციის ინდექსი |
| Universal Decimal Classification number |
930.25(479.223) ა-84 |
| 245 ## - ცნობა სათაურის შესახებ |
| Title |
არქივის კვალდაკვალ-ბათუმი : სპეციალური საარქივო მასალა : |
| Remainder of title |
კრებული / |
| Statement of responsibility, etc |
პროექტის ხელმძღვ. ომარ თუშურაშვილი ; პროექტის კოორ. : მაია ივანიშვილი, დავით ალავერდაშვილი ; სარედ. ჯგუფი : ნინო ყიფშიძე, ლია კერესელიძე და სხვ... |
| 264 ## - წარმოების, გამოცემის, დისტრიბუციის და სხვა ცნობები |
| გამოცემის, წარმოების, დისტრიბუციის... ადგილი |
[თბილისი] : |
| გამოცემის, წარმოების, დისტრიბუციის... სახელწოდება |
შინაგან საქმეთა სამინისტროს არქივი, |
| გამოცემის, წარმოების, დისტრიბუციის... თარიღი |
2017. |
| 300 ## - ფიზიკური აღწერა |
| Extent |
340 გვ. : |
| Other physical details |
ილ.; |
| Dimensions |
25 სმ. |
| Accompanying material |
ცხრ. |
| 500 ## - ზოგადი შენიშვნა |
| General note |
წიგნში თავმოყრილია ლავრენტი ბერიას, მალაქია ტოროშელიძის, იბრაიმ ხიმშიაშვილის მანამდე უცნობი წერილები და უნიკალური ფოტო-დოკუმენტური მასალა |
| 653 ## - INDEX TERM--UNCONTROLLED |
| Uncontrolled term |
არქივის კვალდაკვალ-ბათუმი |
| 653 ## - INDEX TERM--UNCONTROLLED |
| Uncontrolled term |
სპეციალური საარქივო მასალა |
| 653 ## - INDEX TERM--UNCONTROLLED |
| Uncontrolled term |
არქივმცოდნეობა არქივები |
| 942 ## - ADDED ENTRY ELEMENTS (KOHA) |
| Koha item type |
წიგნი |
| Source of classification or shelving scheme |
|